Winnie the Pooh : (Record no. 15781)

MARC details
000 -LEADER
fixed length control field 01825nam a22003137a 4500
003 - CONTROL NUMBER IDENTIFIER
control field dpl
005 - DATE AND TIME OF LATEST TRANSACTION
control field 20080911114410.0
008 - FIXED-LENGTH DATA ELEMENTS--GENERAL INFORMATION
fixed length control field 080911t xxu||||| |||| 00| 0 eng d
010 ## - LIBRARY OF CONGRESS CONTROL NUMBER
LC control number DVD-000636-638
024 ## - OTHER STANDARD IDENTIFIER
Source of number or code A0989
Terms of availability 499.00
035 ## - SYSTEM CONTROL NUMBER
System control number DVD-000636-638
040 ## - CATALOGING SOURCE
Original cataloging agency DPL
Transcribing agency DPL
082 ## - DEWEY DECIMAL CLASSIFICATION NUMBER
Classification number DVD / WINN
245 ## - TITLE STATEMENT
Title Winnie the Pooh :
Statement of responsibility, etc Walt Disney Pictures Presents
Medium [videorecording] (DVD)/
Remainder of title A Very Merry Pooh Year
260 ## - PUBLICATION, DISTRIBUTION, ETC. (IMPRINT)
Place of publication, distribution, etc Burbank, CA
Name of publisher, distributor, etc Walt Disney Home Entertainment
300 ## - PHYSICAL DESCRIPTION
Extent 1 videodiscs (64 min.):
Other physical details sd., col.;
Dimensions 4 3/4 in.
Type of unit DVD
440 ## - SERIES STATEMENT/ADDED ENTRY--TITLE
Title Walt Disney Classics
500 ## - GENERAL NOTE
General note Sole Distributor in India M/s Excel Productions Audio Visuals Pvt. Ltd.
500 ## - GENERAL NOTE
General note Special Features: Featuring 4 New Holiday Songs<br/>Bonus Features: Disney's Song Selection, Sing Along With The Movie, Enchanted Environment
500 ## - GENERAL NOTE
General note A Brand New Full Length Adventure
538 ## - SYSTEM DETAILS NOTE
System details note Dolby Digital 2.0-English,Mandarin Subtitles-English, Chinese
538 ## - SYSTEM DETAILS NOTE
System details note Aspect Ratio:1.33.1, Presentation Type: Full Frame, Presentation Size 4x3, Formation: DVD 9- Dual Layer Single sided Disc,
650 ## - SUBJECT ADDED ENTRY--TOPICAL TERM
Source of heading or term Animated Movie
942 ## - ADDED ENTRY ELEMENTS (KOHA)
Source of classification or shelving scheme Dewey Decimal Classification
Koha item type CD-ROMs, DVDs, VHS
Classification part DVD
Call number suffix WINN
Holdings
Withdrawn status Lost status Source of classification or shelving scheme Damaged status Not for loan Home library Current library Date acquired Source of acquisition Cost, normal purchase price Total Checkouts Total Renewals Full call number Barcode Date last seen Date checked out Copy number Cost, replacement price Price effective from Koha item type
    Dewey Decimal Classification     Central Library Central Library 27/09/2008 Purchase 499.00 8 1 DVD WINN DVD-000636 27/10/2010 18/10/2010 1 499.00 27/09/2008 CD-ROMs, DVDs, VHS
    Dewey Decimal Classification     Patel Nagar Patel Nagar 27/09/2008 Purchase 499.00 10   DVD WINN DVD-000638 30/05/2013 23/05/2013 1 499.00 27/09/2008 CD-ROMs, DVDs, VHS
    Dewey Decimal Classification     Sarojini Nagar Sarojini Nagar 27/09/2008 Purchase 499.00 14   DVD WINN DVD-000637 18/05/2013 01/05/2013 1 499.00 27/09/2008 CD-ROMs, DVDs, VHS

© Delhi Public Library
Hit Counter
free hit counter